| 000 | 00869nam a2200277Ia 4500 | ||
|---|---|---|---|
| 001 | Para_7702 | ||
| 003 | CHAP | ||
| 008 | 220125s9999 xx 000 0 und d | ||
| 010 | _a206721 | ||
| 040 | _cCHAP | ||
| 082 | _aPA-C 595.77 D5 | ||
| 100 |
_aHewitt, C.Gordon _955096 |
||
| 245 |
_aNotes on the pupation of the house-fly (Mosca domestica) and its mode of overwin tering / _c by C.Gordon Hewitt |
||
| 300 | _a6 p. | ||
| 440 |
_aDíptera; 4 _9164251 |
||
| 500 | _aSobretiro de: The canadian entomologist 47: 73-78, 1915 Encuadernado con otros impresos similares | ||
| 650 |
_aDípteros _x colecciones de escritos _933718 |
||
| 650 |
_aMosca doméstica _9138850 |
||
| 901 | _aPA-C 595.77 D5 | ||
| 902 | _aA | ||
| 905 | _a000000 0000000000 00 | ||
| 910 | _a | ||
| 942 | _cPARA | ||
| 942 |
_cPARA _d1 |
||
| 999 |
_c206721 _d206721 |
||